000 01499nam a2200253 a 4500
001 82732
003 BD-RjUL
005 20240123103400.0
008 240123s1991 bg ||||| m||| 00| 0 ben d
035 _a(BD-RjUL)82732
040 _aBD-RjUL
_bben / eng
_cBD-RjUL
_dBD-RjUL
041 _aben
082 _223
_a297.60924
_b1991 SHI
100 _aশফিকুল্লাহ, মুহাম্মদ
245 1 0 _aইমাম তহাভীর জীবনী এবং হাদীস শাস্ত্রে তাঁর অবদান /
_cমুহাম্মদ শফিকুল্লাহ ;
_6তত্ত্বাবধায়ক : মুহাম্মদ মজীবুর রহমান
260 _aরাজশাহী :
_bইসলামিক স্টাডিজ বিভাগ,রাজশাহী বিশ্ববিদ্যালয়,
_c১৯৯১
300 _a[চৌদ্দ], ৩২৭ পাতা ;
_c২৯ সেমি.
502 _aথিসিস (পিএইচ. ডি.) -- ইসলামিক স্টাডিজ বিভাগ,রাজশাহী বিশ্ববিদ্যালয়, ১৯৯১
504 _aগ্রন্থপঞ্জী : পাতা ২৮৬-৩০০
650 _aইসলাম
_vসংগঠন
_911036
650 _aIslam
_vOrganization
_911037
700 _aরহমান, মুহাম্মদ মজীবুর, তত্ত্বাবধায়ক
_911038
942 _2ddc
_cTHE
999 _c82732
_d82732